The arms act, 1959 : (Record no. 150010)

MARC details
000 -LEADER
fixed length control field 00803nam a22001937a 4500
005 - DATE AND TIME OF LATEST TRANSACTION
control field 20180219153940.0
010 ## - LCCN (DPL NO)
LC control number B-689582
020 ## - INTERNATIONAL STANDARD BOOK NUMBER
Terms of availability 210.00
035 ## - SYSTEM CONTROL NUMBER
System control number B-689582
037 ## - SOURCE OF ACQUISITION
Stock number dpl
Source of stock number/acquisition KKP
082 ## - DEWEY DECIMAL CLASSIFICATION NUMBER
Classification number 344.5950533
245 ## - TITLE STATEMENT
Title The arms act, 1959 :
Remainder of title (54 of 1959) with the arms rules, 2016 as amended by (Amendment Rules, 2017 /
260 ## - PUBLICATION, DISTRIBUTION, ETC. (IMPRINT)
Place of publication, distribution, etc Delhi
Name of publisher, distributor, etc Universal Law Publishing
Date of publication, distribution, etc 2018
270 ## - ADDRESS
Address LexisNexis, 14th Floor, Building No.10, DLF Cyber City, Phase-II
City Gurgaon
Postal code 122002
300 ## - PHYSICAL DESCRIPTION
Extent ix,190p.
Dimensions 23cm(pbk)
505 ## - FORMATTED CONTENTS NOTE
Formatted contents note (Rashtrapati Bhawan)
942 ## - ADDED ENTRY ELEMENTS (KOHA)
Source of classification or shelving scheme Dewey Decimal Classification
Item type English Books
Call number suffix ARM
Classification part 344.5950533
Holdings
Withdrawn status Lost status Not for loan Collection code Home library Current library Date acquired Source of acquisition Cost, normal purchase price Full call number Barcode Copy number Cost, replacement price Koha item type
      Non-fiction Mobile Library Mobile Library 19/02/2018 KKP/BL-61/14.2.2018/EN/SPL/2017-18/769/10.2.2018/16.2.2018 210.00 344.5950533 ARM B-689582 1 210.00 English Books

© Delhi Public Library
Hit Counter
free hit counter